000 00555nam a2200181Ia 4500
003 IN-BaIIA
008 211028s9999 xx 000 0 eng d
040 _cIIA Library
080 _a047.1:52
_bVIA-4
245 0 _aVistas in astronomy
_bVol. 4
_cedited by Arthur Beer
260 _aOxford, Pergamon Press
_bPergamon Press
_c1961
300 _a194p.
650 _aAstronomy
_980
650 _aAstronomy and Astrophysics Thesaurus
650 _aAstrophysics
_9794
700 _aBeer, Arthur ed.
_93137
942 _cBK
999 _c2042
_d2042